000 00203 a2200097 4500
001 18171
100 _aRazzaque, A
245 _aPrayer for progress
260 _a
_bSh M Ashraf
_c
090 _c13465
_d13465
942 _aNUST-CAE
_cM
_c3853
999 _c253244
_d253244